[Event "España ch Femenino 2012"]
[Site "Salobreña ESP"]
[Date "2012.08.03"]
[Round "6.5"]
[White "Cucarella Montell, Angels"]
[Black "Ruiz Font, Elisabet"]
[Result "0-1"]
[WhiteElo "1946"]
[BlackElo "2039"]
[PlyCount "122"]
[EventDate "2012.07.30"]
[EventType "swiss"]
[EventRounds "9"]
[EventCountry "ESP"]
[Source "lmi"]
[SourceDate "2012.07.30"]

1. e4 c5 2. Nf3 g6 3. d4 cxd4 4. Qxd4 Nf6 5. e5 Nc6 6. Qa4 Nd5 7. Qe4 Nc7 8.
Bf4 Bg7 9. Nc3 b5 10. O-O-O Rb8 11. h4 b4 12. Nd5 Ne6 13. Be3 Qa5 14. Kb1 Bb7
15. Bc4 h5 16. Rhe1 O-O 17. g4 Nc5 18. Bxc5 Qxc5 19. gxh5 Na5 20. Bb3 Nxb3 21.
axb3 e6 22. hxg6 Bxd5 23. Qg4 Bxf3 24. Qxf3 fxg6 25. Qe4 Rf5 26. Rxd7 Qxe5 27.
Qxe5 Bxe5 28. f4 Bxf4 29. Rxe6 Be5 30. Rxg6+ Kf8 31. Rxa7 Rf1+ 32. Ka2 Rf2 33.
Rc6 Rh2 34. Rc4 Rd8 35. h5 Bd6 36. Ra5 Kg7 37. Rg4+ Kf7 38. Ra7+ Ke6 39. Re4+
Kd5 40. Rc4 Ke6 41. Re4+ Kf5 42. Rc4 Rxh5 43. Ra5+ Kg6 44. Rxh5 Kxh5 45. c3 Rb8
46. Rd4 Bf8 47. cxb4 Bxb4 48. Kb1 Kg5 49. Kc2 Kf5 50. Kd3 Ke5 51. Rh4 Bd6 52.
Rh5+ Ke6 53. Rh6+ Kd5 54. Rh5+ Be5 55. Kc2 Rg8 56. b4 Rg2+ 57. Kb3 Rxb2+ 58.
Ka4 Kc4 59. Rh4+ Bd4 60. Rxd4+ Kxd4 61. Ka5 Ke5 0-1

[Event "España ch Femenino 2012"]
[Site "Salobreña ESP"]
[Date "2012.08.03"]
[Round "6.6"]
[White "Garcia Porlan, Beatriz"]
[Black "Collazo Hidalgo-Gato, Niala"]
[Result "0-1"]
[WhiteElo "1787"]
[BlackElo "2253"]
[PlyCount "84"]
[EventDate "2012.07.30"]
[EventType "swiss"]
[EventRounds "9"]
[EventCountry "ESP"]
[Source "lmi"]
[SourceDate "2012.07.30"]

1. e4 c5 2. Nf3 e6 3. d4 cxd4 4. Nxd4 a6 5. Bd3 Qc7 6. f4 d6 7. Qe2 Nd7 8. Nb3
Ngf6 9. Be3 Be7 10. N1d2 b6 11. a4 Bb7 12. Bf2 e5 13. fxe5 dxe5 14. Nc4 O-O 15.
O-O Nc5 16. Nxc5 Bxc5 17. Kh1 Rad8 18. Bh4 Be7 19. Rf5 b5 20. Nd2 Bc8 21. Rff1
b4 22. a5 Rd4 23. Bf2 Bg4 24. Qe1 Rd7 25. b3 Nh5 26. Be3 Qc6 27. Nc4 Qe6 28.
Nb6 Rd6 29. Bxa6 Qg6 30. Bd3 Bg5 31. Bxg5 Qxg5 32. Nd5 Rh6 33. Kg1 Bh3 34. Rf2
Rg6 35. Qe3 Qh4 36. Kf1 Be6 37. Ke2 Bxd5 38. exd5 Nf4+ 39. Kf1 Qxh2 40. Ke1
Qg1+ 41. Bf1 Nxg2+ 42. Rxg2 Qxe3+ 0-1

[Event "España ch Femenino 2012"]
[Site "Salobreña ESP"]
[Date "2012.08.03"]
[Round "6.7"]
[White "Duarte Garcia, Pilar"]
[Black "Collado Barbas, Laura"]
[Result "0-1"]
[WhiteElo "1684"]
[BlackElo "2118"]
[PlyCount "70"]
[EventDate "2012.07.30"]
[EventType "swiss"]
[EventRounds "9"]
[EventCountry "ESP"]
[Source "lmi"]
[SourceDate "2012.07.30"]

1. d4 d5 2. Nf3 c6 3. c4 e6 4. g3 dxc4 5. Bg2 b5 6. O-O Bb7 7. a4 Nd7 8. Na3 a6
9. Bf4 Ngf6 10. Ne5 Qc8 11. e4 Bxa3 12. Rxa3 O-O 13. Nxd7 Nxd7 14. Bd6 Rd8 15.
Be7 Re8 16. Bg5 c5 17. Be3 Rd8 18. Qc2 cxd4 19. Bxd4 Nc5 20. Bxc5 Qxc5 21. Rd1
Rxd1+ 22. Qxd1 b4 23. Re3 Bc6 24. Qc2 b3 25. Qc1 Bxa4 26. Rc3 Rc8 27. Bf1 Bb5
28. h4 a5 29. Qa1 a4 30. Bg2 Qb4 31. Rc1 c3 32. Qb1 c2 33. Qa1 a3 34. Kh2 axb2
35. Qxb2 Qc3 0-1

[Event "España ch Femenino 2012"]
[Site "Salobreña ESP"]
[Date "2012.08.03"]
[Round "6.8"]
[White "Iza Abete, Amaia"]
[Black "Garcia-Castany Musellas, Galla"]
[Result "1-0"]
[WhiteElo "1995"]
[BlackElo "2042"]
[PlyCount "147"]
[EventDate "2012.07.30"]
[EventType "swiss"]
[EventRounds "9"]
[EventCountry "ESP"]
[Source "lmi"]
[SourceDate "2012.07.30"]

1. b3 d5 2. e3 Nf6 3. Bb2 e6 4. f4 Bd6 5. Nf3 Nbd7 6. Be2 c5 7. O-O Qc7 8. Qe1
e5 9. Bb5 O-O 10. Bxd7 Nxd7 11. Nc3 Qc6 12. Qg3 exf4 13. exf4 d4 14. Ne2 Qe4
15. Rfe1 Qxc2 16. Ba3 b6 17. Nexd4 Qg6 18. Nb5 Bb8 19. Qxg6 hxg6 20. g3 Bb7 21.
Ng5 a6 22. Nc3 b5 23. Nd1 Ba7 24. Kf1 Rfe8 25. Ne3 f6 26. Nh3 Kf7 27. Nf2 Nf8
28. Rac1 Ne6 29. Bb2 Rad8 30. Rc2 Rd7 31. Ned1 Rde7 32. d3 Bb6 33. Bc3 Nc7 34.
Rxe7+ Rxe7 35. Re2 Bf3 36. Rxe7+ Kxe7 37. Ke1 Nd5 38. Bd2 Kd6 39. Ne4+ Ke6 40.
Ndc3 Nb4 41. Kf2 Bg4 42. Be3 Nxd3+ 43. Kg2 Bf5 44. Kf3 Bxe4+ 45. Nxe4 Kd5 46.
Nc3+ Kc6 47. Ke4 Nb4 48. Bf2 f5+ 49. Kf3 Nd5 50. Ne2 Ba5 51. Nc1 c4 52. Bd4 Bc3
53. Bxc3 Nxc3 54. Ke3 Kc5 55. Kd2 Ne4+ 56. Kc2 Kb4 57. bxc4 Kxc4 58. Nd3 g5 59.
fxg5 Nxg5 60. Nf4 Kb4 61. Nd5+ Ka4 62. Ne7 f4 63. gxf4 Ne6 64. Nd5 Ka3 65. Kb1
a5 66. h4 Nd4 67. h5 Nf5 68. Nc7 b4 69. Ne6 a4 70. Nxg7 Nxg7 71. h6 Ne6 72. h7
Nxf4 73. h8=Q Nh3 74. Qxh3+ 1-0

[Event "España ch Femenino 2012"]
[Site "Salobreña ESP"]
[Date "2012.08.04"]
[Round "7.1"]
[White "Cerrato Torrijos, Maria"]
[Black "Vega Gutierrez, Sabrina"]
[Result "1/2-1/2"]
[WhiteElo "2114"]
[BlackElo "2355"]
[PlyCount "74"]
[EventDate "2012.07.30"]
[EventType "swiss"]
[EventRounds "9"]
[EventCountry "ESP"]
[Source "lmi"]
[SourceDate "2012.07.30"]

1. e4 c5 2. Nc3 Nc6 3. Nf3 e6 4. d4 cxd4 5. Nxd4 Nf6 6. Nxc6 bxc6 7. e5 Nd5 8.
Nxd5 cxd5 9. Bd3 Ba6 10. O-O Bxd3 11. cxd3 g6 12. Bd2 Bg7 13. d4 Qb6 14. Bc3
O-O 15. Qd2 Rfc8 16. Rfc1 Rab8 17. Rc2 d6 18. Rac1 Qa6 19. a3 dxe5 20. dxe5 Rc4
21. Bd4 Rbc8 22. Rxc4 Rxc4 23. Rxc4 Qxc4 24. g3 a6 25. Qc3 Qxc3 26. Bxc3 Kf8
27. Kf1 Ke8 28. Ke2 Kd7 29. Kd3 Kc6 30. a4 h5 31. b4 Bf8 32. f4 h4 33. g4 h3
34. g5 Be7 35. Bd2 Bd8 36. Be3 Be7 37. Bd2 Bd8 1/2-1/2

[Event "España ch Femenino 2012"]
[Site "Salobreña ESP"]
[Date "2012.08.04"]
[Round "7.2"]
[White "Guadamuro Torrente, Anabel"]
[Black "Ruiz Font, Elisabet"]
[Result "1-0"]
[WhiteElo "2192"]
[BlackElo "2039"]
[PlyCount "67"]
[EventDate "2012.07.30"]
[EventType "swiss"]
[EventRounds "9"]
[EventCountry "ESP"]
[Source "lmi"]
[SourceDate "2012.07.30"]

1. e4 c5 2. d3 Nc6 3. g3 d5 4. Nd2 Nf6 5. Bg2 Bg4 6. f3 Bh5 7. g4 Bg6 8. f4 h6
9. e5 Nd7 10. Bxd5 Ndxe5 11. Bg2 Nd7 12. f5 Bh7 13. Nc4 Qc7 14. Ne2 e6 15. fxe6
fxe6 16. Bf4 e5 17. Bg3 O-O-O 18. Nc3 Nd4 19. Nd5 Qb8 20. c3 Ne6 21. O-O g5 22.
d4 Nf4 23. dxe5 Nxe5 24. Rxf4 gxf4 25. Bxf4 Bd6 26. Nxe5 Rhe8 27. Nf7 Bxf4 28.
Nxd8 Rxd8 29. Ne7+ Kc7 30. Qf3 Kd7 31. Re1 Bxh2+ 32. Kh1 Bd6 33. Qf7 Rf8 34.
Qxh7 1-0

[Event "España ch Femenino 2012"]
[Site "Salobreña ESP"]
[Date "2012.08.04"]
[Round "7.3"]
[White "Garcia Vicente, Nieves"]
[Black "Perera Borrego, Mariela"]
[Result "1-0"]
[WhiteElo "2190"]
[BlackElo "2066"]
[PlyCount "151"]
[EventDate "2012.07.30"]
[EventType "swiss"]
[EventRounds "9"]
[EventCountry "ESP"]
[Source "lmi"]
[SourceDate "2012.07.30"]

1. d4 Nf6 2. c4 g6 3. Nc3 d5 4. cxd5 Nxd5 5. e4 Nxc3 6. bxc3 Bg7 7. Bc4 c5 8.
Ne2 Nc6 9. Be3 O-O 10. O-O Bd7 11. Rb1 Qc7 12. Bd5 Rad8 13. Bf4 Qc8 14. Bg5
Rde8 15. Qd2 e6 16. Bb3 Na5 17. h4 c4 18. Bc2 b5 19. e5 a6 20. Ng3 f6 21. exf6
Bxf6 22. Bxf6 Rxf6 23. Ne4 Qd8 24. Nxf6+ Qxf6 25. Qg5 Qxg5 26. hxg5 Nc6 27. Be4
Ne7 28. Rfe1 Nc8 29. Re3 Nb6 30. Kf1 Kf7 31. Bf3 Rb8 32. Ke2 a5 33. Kd2 Nc8 34.
a3 Nd6 35. Be4 Kg7 36. Bc2 Nf7 37. f4 h6 38. gxh6+ Nxh6 39. Re5 Rf8 40. g3 Nf7
41. Ree1 Rb8 42. Be4 Kf6 43. Rh1 g5 44. Ke3 gxf4+ 45. gxf4 Be8 46. Rh7 Nd6 47.
Bc2 Bf7 48. Rh6+ Ke7 49. f5 exf5 50. Kf4 Rg8 51. Bxf5 Nxf5 52. Kxf5 Rb8 53.
Re1+ Kf8 54. Rh8+ Bg8 55. Rg1 Kf7 56. Ke5 b4 57. axb4 axb4 58. cxb4 c3 59. Rh2
Ke7 60. Rg7+ Bf7 61. Rf2 Rf8 62. d5 c2 63. Rxc2 Re8 64. Rg5 Kd7+ 65. Kd4 Rb8
66. Rb2 Kd6 67. b5 Rh8 68. b6 Rh4+ 69. Ke3 Rh3+ 70. Kf4 Rh4+ 71. Kg3 Rh8 72. b7
Rb8 73. Kf4 Kc5 74. Ke5 Bxd5 75. Rc2+ Bc4 76. Rg4 1-0

[Event "España ch Femenino 2012"]
[Site "Salobreña ESP"]
[Date "2012.08.04"]
[Round "7.4"]
[White "Vega Gutierrez, Belinda"]
[Black "Hernandez Estevez, Yudania"]
[Result "1-0"]
[WhiteElo "2205"]
[BlackElo "2254"]
[PlyCount "41"]
[EventDate "2012.07.30"]
[EventType "swiss"]
[EventRounds "9"]
[EventCountry "ESP"]
[Source "lmi"]
[SourceDate "2012.07.30"]

1. e4 e5 2. Nf3 Nc6 3. Bb5 f5 4. Nc3 Nf6 5. exf5 Bc5 6. O-O O-O 7. Bxc6 dxc6 8.
Nxe5 Bxf5 9. d3 Bd4 10. Nc4 Ng4 11. Ne3 Qh4 12. Nxg4 Bxg4 13. Qd2 Rf5 14. Nd1
Rh5 15. Qf4 Be5 16. Qc4+ Kh8 17. h3 Rf8 18. Qxg4 Qxg4 19. hxg4 Bh2+ 20. Kh1 Rh4
21. Bg5 1-0

[Event "España ch Femenino 2012"]
[Site "Salobreña ESP"]
[Date "2012.08.04"]
[Round "7.5"]
[White "Collazo Hidalgo-Gato, Niala"]
[Black "Iza Abete, Amaia"]
[Result "1-0"]
[WhiteElo "2253"]
[BlackElo "1995"]
[PlyCount "43"]
[EventDate "2012.07.30"]
[EventType "swiss"]
[EventRounds "9"]
[EventCountry "ESP"]
[Source "lmi"]
[SourceDate "2012.07.30"]

1. e4 e5 2. Nf3 Nc6 3. Bb5 a6 4. Ba4 Nf6 5. O-O b5 6. Bb3 Bc5 7. c3 d6 8. d4
Bb6 9. Bg5 Bb7 10. a4 Qe7 11. Nh4 h6 12. Nf5 Qf8 13. Bxf6 gxf6 14. axb5 axb5
15. Rxa8+ Bxa8 16. Qd3 Ne7 17. Nxd6+ cxd6 18. Qxb5+ Bc6 19. Qxb6 Qg7 20. Nd2
Rg8 21. g3 Qg4 22. Ra1 1-0

[Event "España ch Femenino 2012"]
[Site "Salobreña ESP"]
[Date "2012.08.04"]
[Round "7.6"]
[White "Collado Barbas, Laura"]
[Black "Aranaz Murillo, Amalia"]
[Result "1-0"]
[WhiteElo "2118"]
[BlackElo "2231"]
[PlyCount "53"]
[EventDate "2012.07.30"]
[EventType "swiss"]
[EventRounds "9"]
[EventCountry "ESP"]
[Source "lmi"]
[SourceDate "2012.07.30"]

1. d4 Nf6 2. c4 c5 3. d5 b5 4. cxb5 a6 5. bxa6 g6 6. Nc3 Bxa6 7. Nf3 d6 8. g3
Bg7 9. Bg2 Nfd7 10. O-O Nb6 11. Nd2 N8d7 12. Re1 Ne5 13. f4 Nec4 14. Nf3 O-O
15. e4 Nd7 16. Qc2 Qa5 17. Nd2 Na3 18. Qd1 Bd4+ 19. Kh1 Bf2 20. Nb3 Qb4 21. Bd2
Nc4 22. Re2 Nxb2 23. Qc2 Bxe2 24. Nxe2 Qc4 25. Nc3 Na4 26. Bf1 Qb4 27. Nb5 1-0

[Event "España ch Femenino 2012"]
[Site "Salobreña ESP"]
[Date "2012.08.04"]
[Round "7.7"]
[White "Romero Diez, Sandra"]
[Black "Riera Morilla, Elizabeth"]
[Result "0-1"]
[WhiteElo "1844"]
[BlackElo "1968"]
[PlyCount "116"]
[EventDate "2012.07.30"]
[EventType "swiss"]
[EventRounds "9"]
[EventCountry "ESP"]
[Source "lmi"]
[SourceDate "2012.07.30"]

1. d4 Nf6 2. c4 g6 3. Nc3 d5 4. Nf3 Bg7 5. g3 O-O 6. Bg2 c6 7. O-O b6 8. Ne5
Bb7 9. Qa4 Ne4 10. Rd1 f6 11. Nd3 Nxc3 12. bxc3 Qc7 13. Nf4 Qc8 14. cxd5 cxd5
15. Nxd5 Rf7 16. Ba3 e6 17. Nf4 Bxg2 18. Kxg2 g5 19. Nd3 Nd7 20. Rac1 h5 21.
Nb4 Bf8 22. Bb2 a5 23. Nd3 Qb7+ 24. Kg1 h4 25. d5 hxg3 26. fxg3 Nc5 27. Qc6
exd5 28. Qxb7 Rxb7 29. Nf2 Na4 30. Ba1 Re8 31. Kf1 Rh7 32. Ng4 Rf7 33. Rxd5 f5
34. Ne5 Rfe7 35. Nd7 Bg7 36. c4 Rxe2 37. Bxg7 Kxg7 38. Rxf5 Rxh2 39. Kg1 Ree2
40. Rxg5+ Kh6 41. Rg8 Rhg2+ 42. Kf1 Ref2+ 43. Ke1 Rxa2 44. Kf1 Raf2+ 45. Ke1
Re2+ 46. Kf1 Rgf2+ 47. Kg1 Nb2 48. Nxb6 Nd3 49. Ra1 Rg2+ 50. Kh1 Rh2+ 51. Kg1
Reg2+ 52. Kf1 Rf2+ 53. Kg1 Rhg2+ 54. Kh1 Ne5 55. Rh8+ Kg7 56. Rh4 Nf3 57. Rh3
Rh2+ 58. Rxh2 Rxh2# 0-1

[Event "España ch Femenino 2012"]
[Site "Salobreña ESP"]
[Date "2012.08.04"]
[Round "7.8"]
[White "Salido Polo, Veronica"]
[Black "Cucarella Montell, Angels"]
[Result "0-1"]
[WhiteElo "1991"]
[BlackElo "1946"]
[PlyCount "106"]
[EventDate "2012.07.30"]
[EventType "swiss"]
[EventRounds "9"]
[EventCountry "ESP"]
[Source "lmi"]
[SourceDate "2012.07.30"]

1. e4 c5 2. f4 e6 3. Nf3 Nc6 4. Bb5 Qc7 5. Bxc6 Qxc6 6. Nc3 d6 7. O-O a6 8. d4
cxd4 9. Nxd4 Qc7 10. f5 Nf6 11. fxe6 fxe6 12. Kh1 Be7 13. Nf3 O-O 14. a4 Bd7
15. Bg5 Rad8 16. a5 Qc5 17. Qd3 Bc6 18. Qd4 Qxd4 19. Nxd4 Bd7 20. Nf3 h6 21.
Be3 Ng4 22. Bb6 Rc8 23. Rad1 Be8 24. h3 Ne5 25. Nd4 Bd7 26. Nce2 Nc4 27. Nf4
Rf6 28. Nde2 Nxb6 29. axb6 Bb5 30. c3 Rcf8 31. Rf3 Bxe2 32. Nxe2 Rxf3 33. gxf3
Rxf3 34. Nd4 Rxh3+ 35. Kg2 Re3 36. Kf2 Rxe4 37. Nc6 Rf4+ 38. Kg3 Rf7 39. Nxe7+
Rxe7 40. Rxd6 Kf7 41. c4 Kf6 42. Kf4 g5+ 43. Ke4 g4 44. Rd8 Rg7 45. Rh8 g3 46.
Rxh6+ Ke7 47. Rh1 g2 48. Rg1 Kd6 49. b4 Rg4+ 50. Kd3 Kc6 51. c5 Rxb4 52. Rxg2
Kxc5 53. Rg5+ Kd6 0-1